000 00703nam a22002057a 4500
999 _c13732
_d13732
003 AR-CdUCM
008 190416b ||||| |||| 00| 0 spa d
040 _aMUNICIPALIDAD PROVINCIAL DEL CUSCO
_cBIBLIOTECA MUNICIPAL DEL CUSCO
082 _aC / 985.61 /
_bV61 / 1941
100 _aVidal, Humberto
_923976
245 _aGuía del Cuzco para turistas /
260 _aCuzco :
_bRozas sucesores,
_c1941.
300 _a86 páginas ;
_c13 cm.
_bIlustraciones, mapas.
505 _aContenido : Introducción -- Cuzco -- Pasión del Cuzco --Llamamiento -- La catedral ...
650 _aGuía
_93996
650 _aTuristas
_932247
650 _aCuzco
_97693
942 _2ddc
_cLIBROS
945 _arah
_d16/04/2019